Normal view
MARC view
Entry Topical Term
001 - CONTROL NUMBER
- control field: 18331
003 - CONTROL NUMBER IDENTIFIER
- control field: dpl
005 - DATE AND TIME OF LATEST TRANSACTION
- control field: 20100904124121.0
008 - FIXED-LENGTH DATA ELEMENTS
- fixed length control field: 100904|||a|||||| | ||| d
040 ## - CATALOGING SOURCE
- Original cataloging agency: dpl
- Transcribing agency: dpl
150 ## - HEADING--TOPICAL TERM
- Topical term or geographic name as entry element: Marathi Fiction
670 ## - SOURCE DATA FOUND
- Source citation: Work cat.: (dpl)43700: उदय प्रकाश 18329, पिवळयाधम्मक छत्रीतली मुलगी /, 2010
670 ## - SOURCE DATA FOUND
- Source citation: Work cat.: (dpl)43700: उदय प्रकाश 18329, पिवळयाधम्मक छत्रीतली मुलगी /, 2010
